Les dix plus beaux ports de la Méditerranée - Statistiques

Statistiques générales
  • Ce quiz a été pris 30 fois
  • Le résultat moyen est 4 sur 10
Statistiques - réponses
Hint Réponse % Correct
IT Naples
88%
SP Barcelone
72%
GR Athènes
68%
IT Rome
60%
IT Venise
56%
HR Dubrovnik
28%
TR Istanbul
28%
MT La Valette
16%
GR Santorin
16%
F Villefranche-sur-Mer
0%
Aucun quiz correspondant
Distribution des résultats
% des personnes avec chaque résultat
Percentile par nombre de réponses
Votre historique - résultats
Vous n’avez pas pris ce quiz